| 000 | 00671cam a22002294a 4500 | ||
|---|---|---|---|
| 999 |
_c140832 _d140832 |
||
| 003 | UPN | ||
| 005 | 20220528063511.0 | ||
| 008 | 090204s2002 es r 000 1 spa d | ||
| 020 | _a8424624629 | ||
| 035 | _aUPN01000168726 | ||
| 040 |
_aUPN _bspa _cUPN |
||
| 049 | _aCG | ||
| 050 | 4 |
_aPQ6652 A4.4 _bC6.6 |
|
| 100 | 1 |
_aBallaz Zabalza, Jesús, _d1946- _934350 |
|
| 245 | 1 | 0 |
_aContra la barbarie : _bhistoria de Delio contada por su papagayo / _cJesús Ballaz. |
| 260 |
_aBarcelona [Esp.] : _bLa Galera, _c2002. |
||
| 300 | _a109 p. | ||
| 650 | 0 |
_aLiteratura juvenil española _912359 |
|
| 650 | 0 |
_aLiteratura fantástica _98755 |
|
| 905 | _aLibro | ||
| 942 |
_2lcc _cLIBRO |
||